Automatización del sistema de iluminación Casa de Máquinas de Río Macho

Gespeichert in:
Bibliographische Detailangaben
1. Verfasser: Montero Sánchez, Paola
Format: Buch
Veröffentlicht: [San José, Costa Rica] 2010
Schlagworte:
Tags: Tag hinzufügen
Keine Tags, Fügen Sie den ersten Tag hinzu!

MARC

LEADER 00000nam a2200000Ia 4500
003 010053
005 20221231144034.0
008 140114s2010 cr a 000 ||s d
040 |c cru CEDI  
090 |a TFG 6223 
100 |a Montero Sánchez, Paola  |9 1062 
245 |a  Automatización del sistema de iluminación Casa de Máquinas de Río Macho  
260 |c 2010  |b [San José, Costa Rica] 
500 |a Proyecto de graduación (bachillerato en ingeniería)--Universidad de Costa Rica. Facultad de Ingeniería. Escuela de Ingeniería Eléctrica, 2010 "IE - 0502 Proyecto Eléctrico" 
650 |x EDIFICIOS INTELIGENTES  |x PLANTA HIDROELECTRICA RIO MACHO (COSTA RICA)  |x  SISTEMAS DE CONTROL INTELIGENTE   |x  CONTROL AUTOMATICO  |x INSTALACIONES ELECTRICAS - EQUIPO ELECTRICO   |x AUTOMATIZACION   |9 2885 
942 |c TFG 
999 |c 15980  |d 15980